000 01955cas a2200553 a 4500
001 data
005 20260322212120.0
008 data
035 _a11385096
906 _a7
_bcbc
_cserials
_d3
_encip
_f19
_gn-oclcserc
010 _a 91641412
_zsn 89026244
035 _a(OCoLC)19739276
040 _aHLS
_beng
_cHLS
_dOCLCL
_dDLC
_dNST
_dDLC
_dSYS
_dOCLCQ
_dOCLCF
_dOCLCO
_dOCLCA
_dOCLCL
042 _apcc
043 _ael-----
_ael-----
050 0 0 _aNX553
_b.A45
082 0 0 _a700/.9492/05
_220
130 0 _aAlluvions (Metz, France)
245 1 0 _aAlluvions /
_cUniversité de Metz, Département de néerlandais.
249 0 _iACQUIRE Title:
_aAlluvions / Université de Metz, Département de néerlandais
260 _aParis :
_bDidier Erudition [distributor],
_aParis :
_bDidier Erudition [distributor],
_c1988-
300 _av. ;
_c30 cm.
310 _aIrregular
336 _atext
_btxt
_2rdacontent
337 _aunmediated
_bn
_2rdamedia
338 _avolume
_bnc
_2rdacarrier
362 0 _aVol. 1 ('88)-
590 _aSERBIB/SERLOC merged record
592 _aACQN: aq 95015983
592 _a1988
650 0 _aArts, Dutch.
650 0 _aArts
_zNetherlands.
650 0 _aArts, Flemish.
650 0 _aArts
_zFlanders.
650 7 _aArts.
_2fast
_0(OCoLC)fst00817721
650 7 _aArts, Dutch.
_2fast
_0(OCoLC)fst00817992
650 7 _aArts, Flemish.
_2fast
_0(OCoLC)fst00818017
651 7 _aEurope
_zFlanders.
_2fast
_0(OCoLC)fst01245991
651 7 _aNetherlands.
_2fast
_0(OCoLC)fst01204034
_1https://id.oclc.org/worldcat/entity/E39PBJk4D96j3YTHJQfHCV3vpP
710 2 _aUniversité de Metz.
_bDépartement de néerlandais.
890 _aAlluvions (Metz, France)
_i91-641412
920 _aKeep 1
991 _bc-GenColl
_hNX553
_i.A45
_wSERIALS
992 _bB/L
_wSERLOC
999 _c1828
_d1828